Perspektif-perspektif dalam pengajaran Bahasa Malaysia

Bibliographic Details
Format: Book
Published: Kuala Lumpur : Dewan Bahasa Dan Pustaka , 1989

MARC

LEADER 00000cam a2200000 7i4500
001 0000058745
005 20160114.0
008 160114
020 |a 9836206973 
090 0 0 |a 499.28   |b PER 
245 1 0 |a Perspektif-perspektif dalam pengajaran Bahasa Malaysia 
260 |a Kuala Lumpur :   |b Dewan Bahasa Dan Pustaka ,   |c 1989 
999 |a 0000116134   |b Book   |c Adult Collection   |e Cawangan Mersing 
999 |a 0000116137   |b Book   |c Adult Collection   |e Cawangan Muar